Mối tương quan di ttruyền của các giống ớt : Báo cáo đề tài khoa học và công nghệ cấp Trường
Xác định mối tương quan di truyền của các giống ớt, và đánh giá tập đoàn giống dựa vào các đặc điểm hình thái và nông học các giống ớt.
Na minha lista:
| Autor principal: | |
|---|---|
| Formato: | Livro |
| Idioma: | Undetermined |
| Publicado em: |
Cần Thơ
Trường Đại học Cần Thơ
2015
|
| Assuntos: | |
| Tags: |
Adicionar Tag
Sem tags, seja o primeiro a adicionar uma tag!
|
| Thư viện lưu trữ: | Trung tâm Học liệu Trường Đại học Cần Thơ |
|---|
| LEADER | 01034nam a2200241Ia 4500 | ||
|---|---|---|---|
| 001 | CTU_210265 | ||
| 008 | 210402s9999 xx 000 0 und d | ||
| 082 | |a 633.84 | ||
| 082 | |b Th523 | ||
| 088 | |a T2015-81 | ||
| 100 | |a Võ, Thị Bích Thủy | ||
| 245 | 0 | |a Mối tương quan di ttruyền của các giống ớt : | |
| 245 | 0 | |b Báo cáo đề tài khoa học và công nghệ cấp Trường | |
| 245 | 0 | |c Võ Thị Bích Thủy | |
| 260 | |a Cần Thơ | ||
| 260 | |b Trường Đại học Cần Thơ | ||
| 260 | |c 2015 | ||
| 520 | |a Xác định mối tương quan di truyền của các giống ớt, và đánh giá tập đoàn giống dựa vào các đặc điểm hình thái và nông học các giống ớt. | ||
| 650 | |a Hot peppers,Peppers,Cây có vị cay,Cây ớt | ||
| 650 | |x Genetics,Nguồn Gen | ||
| 904 | |i Nguyễn Văn Môi,Qhieu | ||
| 915 | |a NN | ||
| 980 | |a Trung tâm Học liệu Trường Đại học Cần Thơ | ||